header

Panoptic dreams (Record no. 14061)

MARC details
000 -LEADER
fixed length control field 02092nam a2200397 a 4500
082 04 - DEWEY DECIMAL CLASSIFICATION NUMBER
Classification number 363.2/32
100 1# - MAIN ENTRY--AUTHOR NAME
Personal name Hier, Sean P.
245 10 - TITLE STATEMENT
Title Panoptic dreams
260 ## - PUBLICATION, DISTRIBUTION, ETC. (IMPRINT)
Place of publication Vancouver :
Name of publisher UBC Press,
Year of publication c2010.
300 ## - PHYSICAL DESCRIPTION
Number of Pages xxiii, 302 p. :
Other physical details ill.
505 0# - FORMATTED CONTENTS NOTE
Formatted contents note Streetscape monitoring programs in Canada. Introduction ; Establishing streetscape monitoring programs -- The rise of streetscape monitoring programs. Monitoring programs in French Canada ; Sudbury's Lion's Eye in the Sky ; Kelowna and the constitutional debate about public-area video surveillance ; London's downtown camera project -- The spread of streetscape monitoring programs. The expansion of streetscape monitoring programs ; Thwarted efforts to establish streetscape monitoring programs ; Thunder Bay's Eye on the Street ; Panoptic dreams : arguments, implications, and recommendations.
650 #0 - SUBJECT ADDED ENTRY--TOPICAL TERM
Topical Term Video surveillance
Topical Term Video surveillance
Topical Term Electronic surveillance
Topical Term Electronic surveillance
Topical Term Privacy, Right of
856 40 - ELECTRONIC LOCATION AND ACCESS
Uniform Resource Identifier http://site.ebrary.com/lib/rucke/Doc?id=10744864

No items available.

© 2026 Rongo University
Contact us: librarian | system librarian | Rongo university